| 000 | 00547nam a2200193 a 4500 | ||
|---|---|---|---|
| 005 | 20140310183412.0 | ||
| 008 | 021014s19uu xx 00 eng d | ||
| 020 | _a007123828x | ||
| 050 |
_aT 57.6 _b.H53 2005 |
||
| 100 | _aHillier, Frederick K. | ||
| 245 |
_aIntroduction to operations research / _cFrederick, Hillier. |
||
| 260 |
_aU.S.A : _bMcGraw-Hill, Inc, _c2005. |
||
| 300 |
_a1061 p. : _bill. ; _c26 cm. |
||
| 521 | _aIT | ||
| 650 | _aOperations research | ||
| 700 | _aLieberman, Gerald J. | ||
| 942 |
_cBK _2lcc _kFOR |
||
| 999 |
_c22525 _d22525 |
||